| 000 | 00412nam a2200157Ia 4500 | ||
|---|---|---|---|
| 008 | 210716s2011 xx 000 0 und d | ||
| 020 | _a9788126529698 | ||
| 041 | _aeng | ||
| 082 | _a662.88 MUKH | ||
| 100 | _aMukunda, H S. | ||
| 245 | _aUnderstanding clean energy and fuels from biomass. | ||
| 250 | _a1 | ||
| 260 |
_aNew Delhi _bWiley India Pvt Ltd _c2011 |
||
| 300 | _axxix,270 | ||
| 650 | _aBioinformatics | ||
| 999 |
_c191570 _d191570 |
||